Statistics for Count in Roman Numerals - One Minute Sprint

Click here to take the quiz!

General Stats

  • This quiz has been taken 7,473 times
    (5,165 since last reset)
  • The average score is 33 of 140

Answer Stats

#% Correct
I
100%
II
100%
III
100%
IV
99%
V
99%
VI
99%
VII
98%
VIII
98%
IX
96%
X
96%
XI
96%
XII
96%
XIII
96%
XIV
92%
XV
92%
XVI
92%
XVII
91%
XVIII
91%
XX
85%
XIX
84%
XXI
84%
XXII
83%
XXIII
82%
XXIV
80%
XXV
79%
XXVI
77%
XXVII
76%
XXVIII
73%
XXIX
67%
XXX
65%
XXXI
62%
XXXII
60%
XXXIII
58%
XXXIV
55%
XXXV
52%
XXXVI
48%
XXXVII
44%
XXXVIII
40%
XXXIX
34%
XL
20%
XLI
18%
XLII
17%
XLIII
14%
XLIV
12%
XLV
11%
XLVI
9%
XLVII
8%
XLVIII
7%
XLIX
5%
L
4%
LI
4%
LII
4%
LIII
4%
LIV
3%
LV
3%
LVI
3%
LVII
3%
LIX
2%
LVIII
2%
LX
2%
LXI
2%
LXII
2%
LXIII
2%
LXIV
1%
LXIX
1%
LXV
1%
LXVI
1%
LXVII
1%
LXVIII
1%
LXX
1%
LXXI
1%
LXXII
1%
C
0%
CI
0%
CII
0%
CIII
0%
CIV
0%
CIX
0%
CV
0%
CVI
0%
CVII
0%
CVIII
0%
CX
0%
CXI
0%
CXII
0%
CXIII
0%
CXIV
0%
CXIX
0%
CXL
0%
CXV
0%
CXVI
0%
CXVII
0%
CXVIII
0%
CXX
0%
CXXI
0%
CXXII
0%
CXXIII
0%
CXXIV
0%
CXXIX
0%
CXXV
0%
CXXVI
0%
CXXVII
0%
CXXVIII
0%
CXXX
0%
CXXXI
0%
CXXXII
0%
CXXXIII
0%
CXXXIV
0%
CXXXIX
0%
CXXXV
0%
CXXXVI
0%
CXXXVII
0%
CXXXVIII
0%
LXXIII
0%
LXXIV
0%
LXXIX
0%
LXXV
0%
LXXVI
0%
LXXVII
0%
LXXVIII
0%
LXXX
0%
LXXXI
0%
LXXXII
0%
LXXXIII
0%
LXXXIV
0%
LXXXIX
0%
LXXXV
0%
LXXXVI
0%
LXXXVII
0%
LXXXVIII
0%
XC
0%
XCI
0%
XCII
0%
XCIII
0%
XCIV
0%
XCIX
0%
XCV
0%
XCVI
0%
XCVII
0%
XCVIII
0%

Score Distribution

Percentile by Number Answered

Percent of People with Each Score

Your Score History

You have not taken this quiz since the last reset